000 00259nam a2200097Ia 4500
008 190716s9999 xx 000 0 und d
082 _aTD-49#
100 _aDargar, S.C.
245 0 _aUrbanization in western Uttar Pradesh : a spatial analysis
942 _cMF
_2DDC
999 _c24659
_d24659